000 00639nam a2200217 a 4500
005 20241129063744.0
008 140612s2007 mx r 000 0 spa d
020 _a9684116810 (10 dígitos)
020 _a9789684116818 (13 dígitos)
035 _aUPN01000197823
049 _aI
050 4 _aPZ74.3
_bB7.2
100 1 _aBracho, Coral,
_d1951-
_935710
245 1 1 _a¿A dónde fue el ciempiés? /
_cCoral Bracho ; il. Rafael Barajas.
260 _aMéxico :
_bEra,
_c2007.
300 _a[32] p. :
_eil. col.
440 0 _aInfantil y juvenil
650 4 _aPoesía infantil mexicana
_91260
905 _aInfantil
999 _c169924
_d169924